ՀՀ Գիտությունների ազգային ակադեմիայի հիմնարար գիտական գրադարան  =   Fundamental Scientific Library of NAS RA

Ջավախք : (Record no. 84493)

MARC details
000 -LEADER
fixed length control field 00730nam a2200217 u 4500
001 - CONTROL NUMBER
control field 000238694
003 - CONTROL NUMBER IDENTIFIER
control field AM-YeHGA
005 - DATE AND TIME OF LATEST TRANSACTION
control field 20250617124727.0
008 - FIXED-LENGTH DATA ELEMENTS--GENERAL INFORMATION
fixed length control field 030623s1994 ai r 000 0 arm d
020 ## - INTERNATIONAL STANDARD BOOK NUMBER
International Standard Book Number 5807909216
040 ## - CATALOGING SOURCE
Original cataloging agency AM-YeHGA
090 ## - LOCALLY ASSIGNED LC-TYPE CALL NUMBER (OCLC); LOCAL CALL NUMBER (RLIN)
-- 85770
100 1# - MAIN ENTRY--PERSONAL NAME
Personal name Դավթյան, Ավետիս Խաչատուրի.
245 10 - TITLE STATEMENT
Title Ջավախք :
Remainder of title [Պատմական ակնարկ] /
Statement of responsibility, etc. Ա.Խ. Դավթյան; Խմբ.՝ Ռ.Ա. Նահատակյան.
260 ## - PUBLICATION, DISTRIBUTION, ETC.
Place of publication, distribution, etc. Երևան :
Name of publisher, distributor, etc. Մանկավարժ,
Date of publication, distribution, etc. 1994.
300 ## - PHYSICAL DESCRIPTION
Extent 110 էջ :
Other physical details դիմանկ. ;
Dimensions 20 սմ.
504 ## - BIBLIOGRAPHY, ETC. NOTE
Bibliography, etc. note Տողատակի մատենագիտ. ծանոթագր.
650 14 - SUBJECT ADDED ENTRY--TOPICAL TERM
Topical term or geographic name entry element Պատմություն
Geographic subdivision Ջավախք
651 #0 - SUBJECT ADDED ENTRY--GEOGRAPHIC NAME
Geographic name Ջավախք
942 00 - ADDED ENTRY ELEMENTS (KOHA)
Koha issues (borrowed), all copies 1
Holdings
Withdrawn status Lost status Damaged status Not for loan Collection Home library Current library Date acquired Total checkouts Full call number Barcode Date last seen Date last checked out Copy number Price effective from Koha item type Public note
        General Fundamental Scientific Library Fundamental Scientific Library 22/12/2016 1 AII/83284 FL0230719 31/03/2025 31/03/2025 93(=919.81)(4) 22/12/2016 Գրքեր / Books 30 Days Loan


ՀՀ ԳԱԱ հիմնարար գիտական գրադարան
ՀՀ,Երևան 0019
Մարշալ Բաղրամյան 24/6
հեռախոս:(374-10) 52-47-50
Հետադարձ կապ

All site content, except where otherwise noted, is licensed under a
Creative Commons License